[Event "Biel op"]
[Site "Biel"]
[Date "1989.??.??"]
[Round "2"]
[White "Haist, Wolfgang"]
[Black "Schneider, B."]
[Result "1/2-1/2"]
[WhiteElo "2305"]
[BlackElo "2475"]

1.e4 g6 2.d4 Bg7 3.Nc3 c6 4.h3 d5 5.Nf3 Nf6 6.e5 Ne4 7.Nxe4 dxe4 8.Ng5 c5
9.dxc5 Qc7 10.Bc4 O-O 11.O-O Qxc5 12.Bd5 e6 13.Bxe4 Bxe5 14.Be3 Qc7 15.c3 Nc6
16.Qe2 Bd7  1/2-1/2

[Event "Biel op"]
[Site "Biel"]
[Date "1989.??.??"]
[Round "2"]
[White "Wahls, Matthias"]
[Black "Reefschlaeger, Helmut"]
[Result "1-0"]
[WhiteElo "2535"]
[BlackElo "2395"]

1.e4 g6 2.d4 Bg7 3.Nc3 c6 4.f4 d5 5.e5 h5 6.Be3 Nh6 7.Nf3 Bg4 8.h3 Bxf3 9.Qxf3 Nf5
10.Bf2 h4 11.Bd3 e6 12.Bxf5 gxf5 13.O-O Nd7 14.b3 Nf8 15.Na4 Ng6 16.Nc5 Qe7
17.c4 Bh6 18.Be3 O-O 19.a4 Rad8 20.Rfd1 f6 21.exf6 Rxf6 22.a5 Kh7 23.a6 b6
24.Nd3 Rg8 25.Rdc1 Nh8 26.Kh1 Rfg6 27.Rg1 Rg3 28.Qe2 Nf7 29.Bf2 Rxd3 30.Qxd3 Nd6
31.Qf3 Ne4 32.Be1 Qf6 33.Rd1 Rg3 34.Bxg3 hxg3 35.Rgf1 Kg6 36.Kg1 Bf8 37.Rfe1 Qh4
38.Rd3 Bh6 39.Rxe4 fxe4 40.Qxg3+ Qxg3 41.Rxg3+ Kf7 42.cxd5 cxd5 43.Rc3 Bxf4
44.Kf2  1-0

[Event "Biel op"]
[Site "Biel"]
[Date "1989.??.??"]
[Round "7"]
[White "Arapovic, Vitomir"]
[Black "Fauland, Alexander"]
[Result "1-0"]
[WhiteElo "2410"]
[BlackElo "2455"]

1.e4 g6 2.d4 Bg7 3.Nc3 c6 4.f4 d5 5.e5 Nh6 6.Nf3 Bg4 7.Be2 Nf5 8.h3 Bxf3
9.Bxf3 e6 10.O-O h5 11.Ne2 Qb6 12.g4 hxg4 13.hxg4 Nh4 14.Bh1 Nd7 15.c3 f6
16.Qb3 Qa6 17.Qc2 O-O-O 18.Be3 g5 19.f5 Rde8 20.c4 dxc4 21.fxe6 Rxe6 22.Ng3 Kb8
23.Nh5 Bf8 24.Nxf6 Nxf6 25.Rxf6 Rxf6 26.exf6 Bd6 27.f7 Qb6 28.Rf1 Qc7 29.Rf2 Bf4
30.Bxf4 gxf4 31.Qe4  1-0

[Event "Perenyi mem-B"]
[Site "Budapest"]
[Date "1989.??.??"]
[Round "?"]
[White "Horvath, Csaba"]
[Black "Schneider, B."]
[Result "1/2-1/2"]
[WhiteElo "2445"]
[BlackElo "2470"]

1.e4 g6 2.d4 Bg7 3.Nc3 c6 4.Nf3 d5 5.h3 Nf6 6.Bd3 O-O 7.O-O dxe4 8.Nxe4 Nxe4
9.Bxe4 Nd7 10.c3 c5 11.Re1 cxd4 12.Nxd4 Nc5 13.Bc2 e5 14.Nb3 Ne6 15.Qxd8 Rxd8
16.Be3 f5 17.Rad1 b6 18.Rxd8+ Nxd8 19.f4 exf4 20.Bxf4 Be6 21.Bd3 Kf7 22.Ba6 Bc8
23.Bc4+ Be6 24.Ba6 Bc8  1/2-1/2

[Event "Perenyi mem-B"]
[Site "Budapest"]
[Date "1989.??.??"]
[Round "?"]
[White "Pein, Malcolm"]
[Black "Schneider, B."]
[Result "0-1"]
[WhiteElo "2405"]
[BlackElo "2470"]

1.d4 g6 2.e4 Bg7 3.Nc3 c6 4.Nf3 d5 5.h3 Nh6 6.Bd3 f6 7.Qe2 Nf7 8.Bf4 O-O
9.Bg3 e6 10.O-O-O b5 11.e5 f5 12.h4 Nd7 13.Bf4 b4 14.Nb1 c5 15.dxc5 Qc7 16.Rde1 Nxc5
17.h5 Ne4 18.hxg6 hxg6 19.g4 fxg4 20.Bxe4 gxf3 21.Bxf3 Nxe5 22.Rh4 Rxf4 23.Rxf4 Bh6  0-1

[Event "Perenyi mem-B"]
[Site "Budapest"]
[Date "1989.??.??"]
[Round "?"]
[White "Feher, Gyula"]
[Black "Schneider, B."]
[Result "1/2-1/2"]
[WhiteElo "2410"]
[BlackElo "2470"]

1.e4 g6 2.d4 Bg7 3.Nc3 c6 4.Bc4 d5 5.exd5 b5 6.Bb3 b4 7.Nce2 cxd5 8.Nf3 Nf6
9.O-O O-O 10.a3 bxa3 11.Rxa3 Nc6 12.Ne5 Bb7 13.Nf4 e6 14.Nxc6 Bxc6 15.Ba2 Ne4
16.c3 Nd6 17.Bb1 a5 18.Re1 a4 19.Qf3 Nc4 20.Ra2 e5 21.dxe5 Nxe5 22.Qd1 Re8
23.Bc2 Qh4 24.h3 g5 25.Nd3 d4 26.Nxe5 Bxe5 27.Bd2 dxc3 28.Bxc3 Rad8 29.Qc1 Bxc3
30.bxc3 Rxe1+ 31.Qxe1 Qc4 32.Ra1 Re8 33.Qd2 h6 34.Qd4 Qxd4 35.cxd4 Rd8 36.d5 Bb5
37.Ra2 Ra8 38.f3 a3 39.Bb3 Bd3 40.d6 Bb1 41.Ra1 a2 42.Bxa2  1/2-1/2

[Event "Buenos Aires BCA op"]
[Site "Buenos Aires"]
[Date "1989.??.??"]
[Round "7"]
[White "Juarez, Alberto"]
[Black "Slipak, Sergio"]
[Result "1-0"]
[WhiteElo "2260"]
[BlackElo "2355"]

1.e4 c6 2.Nc3 g6 3.d4 Bg7 4.f4 d5 5.e5 h5 6.Nf3 Nh6 7.Be3 Bg4 8.Be2 e6 9.Qd2 Nd7
10.g3 Nb6 11.b3 a5 12.h3 Bxf3 13.Bxf3 Nf5 14.Bf2 a4 15.O-O Bf8 16.Ne2 Be7
17.Kg2 g5 18.g4 hxg4 19.hxg4 Nh4+ 20.Bxh4 Rxh4 21.Rh1 gxf4 22.Qxf4 axb3 23.cxb3 Nd7
24.a4 Nf8 25.Rxh4 Bxh4 26.Qd2 Ng6 27.Rh1 Qe7 28.Ng3 Bg5 29.Qc3 Bf4 30.Nh5 Bg5
31.Be2 Kd7 32.a5 Nh4+ 33.Kh3 Ng6 34.Kg3 Rf8 35.b4 f6 36.Bd3 Nh4 37.Rxh4 Bxh4+
38.Kxh4 fxe5+ 39.g5 e4 40.Be2 Rf5 41.Qg3 Qxb4 42.Bg4 Rf8 43.Nf6+ Rxf6 44.gxf6 Qxd4
45.Qf4 c5 46.f7 Qh8+ 47.Bh5 Qf8 48.Qf6 e3 49.Bg4 e2 50.Bxe2 Kc7 51.Kg5 Kb8
52.Kg6 Ka7 53.Qg7 Qb8 54.f8=Q Qg3+ 55.Kh7  1-0

[Event "Cannes schev"]
[Site "Cannes"]
[Date "1989.??.??"]
[Round "?"]
[White "Renet, Olivier"]
[Black "Csom, Istvan"]
[Result "1/2-1/2"]
[WhiteElo "2480"]
[BlackElo "2545"]

1.e4 c6 2.d4 g6 3.Nc3 Bg7 4.Nf3 d6 5.h3 Na6 6.Be2 Nc7 7.O-O Nf6 8.Re1 O-O
9.Bf1 Ne6 10.Be3 d5 11.Qd3 b6 12.Rad1 Bb7 13.e5 Ne8 14.Ne2 N8c7 15.Nh2 Ba6
16.Qd2 c5 17.c3 cxd4 18.cxd4 Qd7 19.f4 Rfc8 20.g4 Nd8 21.Rc1 Ne8 22.Bg2 Rxc1
23.Rxc1 Rc8 24.Nc3 Nc7 25.Nf1 Nc6 26.Bf2 e6 27.Ne3 Bh6 28.Nc2 Na5 29.b3 Bf8
30.Nd1 Nb5 31.Be3 Na3 32.f5 Nxc2 33.Rxc2 Rxc2 34.Qxc2 Nc6 35.f6 Qc8 36.Bf1 Bxf1
37.Kxf1 Qd7 38.Nc3 Na5 39.Qd3 Qc6 40.Ke2 h6 41.Bd2 Kh7 42.Qb5 Qxb5+ 43.Nxb5 Nc6
44.Kd3 g5 45.Bc3 Kg8 46.Kc2 Kh7 47.Kb2 Kg8 48.a3 a5 49.Nc7 Kh7 50.a4 Bb4
51.Na8 Kg8 52.Nxb6 Kf8 53.Nc8 Ke8 54.Bxb4 axb4 55.Nd6+ Kf8 56.Nb5 Ke8 57.Kc2 Kf8
58.Kd3 Na5 59.Kc2 Nc6 60.Kd2 Na5 61.Kd3 Ke8 62.Nc7+ Kd8 63.Na6 Nc6 64.Ke3 Ke8
65.Nc7+ Kf8 66.Nb5 Na5 67.Nd6 Kg8 68.Nc8 Kf8 69.Na7 Ke8 70.Kd3 Kd7 71.Nb5 Ke8
72.Nc7+ Kf8 73.Na6 Nc6 74.Ke3 Ke8 75.Nc5 Na5 76.Nd3 Nc6 77.Ne1 Na5 78.Nc2 Nc6
79.Ke2 Kf8 80.Kf1 Kg8 81.Kg1 Kf8 82.Kf2 Kg8 83.Kg1 Kf8 84.Kf2 Kg8 85.Kf3 Kh8
86.Kg2 Kg8 87.Kf3 Kh8 88.Ke3 Kg8 89.Ne1 Kf8 90.Nd3 Ke8 91.Nc5 Na5 92.Kf2 Kd8
93.Kg3 Nc6 94.Nb7+ Kd7 95.a5 Kc7 96.Nd6 Nxa5 97.Nxf7 Kd7 98.Kf2 Nxb3 99.Ke3 Na5
100.Kd3 b3 101.Kc3 Nc6 102.Nxh6 Nxd4 103.Ng8  1/2-1/2

[Event "Caorle op"]
[Site "Caorle"]
[Date "1989.??.??"]
[Round "6"]
[White "Zlatanovic, Zoran"]
[Black "Magrin, Antonio"]
[Result "0-1"]
[WhiteElo "2000"]
[BlackElo "2020"]

1.e4 g6 2.d4 Bg7 3.Nc3 c6 4.h4 d5 5.e5 h5 6.Nh3 Bxh3 7.Rxh3 e6 8.Bg5 Qc7
9.Qd2 Nh6 10.Bd3 Nd7 11.Ne2 Nf8 12.Nf4 Nf5 13.Ne2 Qb6 14.c3 c5 15.a4 c4 16.a5 Qc6
17.Bc2 b5 18.f3 Nh7 19.Bf4 Nf8 20.Nc1 Qc7 21.Ne2 a6 22.Bg5 Nh7 23.g4 Nxg5
24.hxg5 hxg4 25.Rxh8+ Bxh8 26.fxg4 Ne7 27.Qf4 Nc6 28.Qh2 O-O-O 29.Kd2 Bg7
30.Qh7 Bxe5 31.Rf1 Bd6 32.Rxf7 Qxa5 33.Qxg6 b4 34.Qxe6+ Kb8 35.g6 b3 36.Bf5 Qa1
37.Qxd6+ Rxd6 38.g7 Qxb2+ 39.Ke3 Rd8 40.Rf8 Qa3 41.Rxd8+ Nxd8 42.Be6 Qe7
43.g8=Q b2 44.Kf2 b1=Q 45.Bf5 Qb2  0-1

[Event "CUB-ch"]
[Site "?"]
[Date "1989.??.??"]
[Round "6"]
[White "Diaz, Joaquin C"]
[Black "Velez, Nestor"]
[Result "0-1"]
[WhiteElo "2430"]
[BlackElo "2330"]

1.e4 g6 2.d4 Bg7 3.Nc3 c6 4.f4 d5 5.e5 h5 6.Nf3 Nh6 7.Bd3 Bf5 8.O-O Bxd3
9.Qxd3 Nf5 10.Nd1 Qb6 11.Ne3 e6 12.Nxf5 gxf5 13.c3 Nd7 14.Bd2 Nf8 15.b3 Ng6
16.c4 dxc4 17.bxc4 Bh6 18.Rab1 Qa6 19.g3 h4 20.Nxh4 Nxh4 21.gxh4 Rg8+ 22.Kh1 O-O-O
23.Rb3 Bf8 24.Rfb1 b6 25.Be3 Qb7 26.Rd1 Rg4 27.Qd2 Rxd4  0-1

[Event "DEN-chT8990"]
[Site "DEN"]
[Date "1989.??.??"]
[Round "3"]
[White "Ochsner, Thomas"]
[Black "Fries Nielsen, Niels Jorgen"]
[Result "1/2-1/2"]
[WhiteElo "2280"]
[BlackElo "2340"]

1.e4 c6 2.d4 g6 3.Nc3 Bg7 4.Nf3 d6 5.Be2 Nf6 6.O-O O-O 7.h3 b5 8.e5 Ne8 9.Bf4 Bf5
10.Bd3 Be6 11.a4 b4 12.Ne4 Bd5 13.Re1 a5 14.c4 bxc3 15.bxc3 Na6 16.Qe2 Nac7
17.h4 Ne6 18.Bd2 N8c7 19.h5 Qd7 20.Neg5 Bxf3 21.Qxf3 Nxg5 22.Bxg5 Ne6 23.Bh4 Rab8
24.exd6 exd6 25.Rab1 d5 26.hxg6 hxg6 27.Qg4 Rxb1 28.Rxb1 c5 29.Rb5 cxd4 30.cxd4 Qc6  1/2-1/2

[Event "Dortmund op"]
[Site "Dortmund"]
[Date "1989.??.??"]
[Round "5"]
[White "Bakalarz, Mieczyslaw"]
[Black "Pirisi, Gabor"]
[Result "0-1"]
[WhiteElo "2250"]
[BlackElo "2390"]

1.d4 g6 2.e4 Bg7 3.Nc3 c6 4.Nf3 d5 5.h3 Nh6 6.Bf4 f6 7.exd5 cxd5 8.Bb5+ Nc6
9.O-O O-O 10.Re1 Nf7 11.Bh2 e6 12.Bf1 a6 13.a3 b6 14.Na2 e5 15.c4 dxc4 16.dxe5 b5
17.e6 Nfe5 18.Nxe5 fxe5 19.Nb4 Nxb4 20.axb4 Bxe6 21.Bxe5 Qb6 22.Bxg7 Kxg7
23.Qe2 Rf6 24.Qe3 Qxe3 25.Rxe3 Bf7 26.Rd1 a5 27.Ra3 Rfa6 28.Rda1 a4 29.Rd1 Re8
30.Rf3 Rf6 31.Rc3 Rfe6 32.g4 g5 33.Kg2 Re1 34.Rd2 R8e5 35.f3 R5e3 36.Rxe3 Rxe3
37.Kf2 Rb3  0-1

[Event "FRA-ch"]
[Site "?"]
[Date "1989.??.??"]
[Round "?"]
[White "Apicella, Manuel"]
[Black "Vaisman, Volodia"]
[Result "1/2-1/2"]
[WhiteElo "2395"]
[BlackElo "2370"]

1.e4 g6 2.d4 Bg7 3.Nc3 c6 4.Nf3 b5 5.Bd3 d6 6.h3 Nd7 7.O-O a6 8.a4 Bb7 9.Bg5 b4
10.Ne2 c5 11.c3 Ngf6 12.Ng3 O-O 13.cxb4 cxd4 14.Nxd4 h6 15.Be3 d5 16.f3 Ne5
17.Ra3 Nxd3 18.Rxd3 Qc7 19.e5 Qxe5 20.Nge2 Qc7 21.Nb3 e5 22.Qd2 Kh7 23.Rc1 Qb8
24.Na5 d4 25.Nxd4 exd4 26.Bf4 Qe8 27.Nxb7 Qxa4 28.Rxd4 Nh5 29.Rdc4 Nxf4 30.Rxf4 Qb5
31.Nc5 Rad8 32.Qf2 h5 33.Re4 Rd5 34.b3 Rfd8 35.Qf1 Bd4+ 36.Kh1 Qxf1+ 37.Rxf1 Bxc5
38.bxc5 Rxc5 39.Re7 Kg7 40.Ra7 a5 41.Re1 Rb8 42.Ree7 Rf5 43.Reb7  1/2-1/2

[Event "FRA-chT"]
[Site "?"]
[Date "1989.??.??"]
[Round "?"]
[White "Gachon, Lionel"]
[Black "Brault, Jean"]
[Result "1/2-1/2"]
[WhiteElo "2275"]
[BlackElo "2190"]

1.e4 g6 2.d4 Bg7 3.Nc3 c6 4.Nf3 d6 5.Be2 Nf6 6.O-O O-O 7.Re1 Qc7 8.Bf4 Nh5
9.Be3 e5 10.Qd2 Re8 11.Rad1 Nd7 12.dxe5 dxe5 13.Ng5 Nf4 14.Bc4 Re7 15.g3 Nh5
16.Qd3 Bf6 17.Nxf7 Rxf7 18.Bxf7+ Kxf7 19.Qc4+ Kg7 20.Nb5 Qd8 21.Nxa7 Qe7
22.Nxc6 bxc6 23.Qxc6 Rb8 24.Ba7 Rb7 25.Be3 Rb8 26.Ba7 Rb7 27.Be3  1/2-1/2

[Event "FRA-chT"]
[Site "?"]
[Date "1989.??.??"]
[Round "?"]
[White "Demarre, Jacques"]
[Black "Brault, Jean"]
[Result "0-1"]
[WhiteElo "2190"]
[BlackElo "2190"]

1.e4 g6 2.d4 Bg7 3.Nc3 c6 4.Nf3 d6 5.Be2 Nf6 6.O-O O-O 7.h3 Nbd7 8.e5 Ne8
9.Bf4 Qb6 10.Qc1 dxe5 11.dxe5 Nc7 12.Rb1 Ne6 13.Bh6 Qc5 14.Bxg7 Kxg7 15.Ne4 Qd5
16.Nc3 Qc5 17.Ne4 Nd4 18.Nxc5 Nxe2+ 19.Kh2 Nxc1 20.Nxd7 Bxd7 21.Rbxc1 Rfd8
22.Rfd1 Be6 23.b3 c5 24.Kg3 Rd5 25.c4 Rd7 26.Ng5 Rad8 27.Rxd7 Rxd7 28.Nxe6+ fxe6
29.Rc2 g5 30.Kf3 Kg6 31.g4 Rd3+ 32.Kg2 Rd1 33.Re2 h5 34.gxh5+ Kxh5 35.Re4 Kg6
36.Kg3 Kf5 37.f3 Rd2 38.h4 gxh4+ 39.Rxh4 Kxe5 40.Rh7 Kd6 41.Rh8 Rxa2 42.Rd8+ Ke5
43.Rd7 b6 44.Rxe7 Ra3 45.Rd7 a5 46.Rd3 a4  0-1

[Event "FRA-chT"]
[Site "?"]
[Date "1989.??.??"]
[Round "?"]
[White "Daumens, Michel"]
[Black "Brault, Jean"]
[Result "1-0"]
[WhiteElo "2190"]
[BlackElo "2190"]

1.e4 g6 2.d4 Bg7 3.Nc3 c6 4.Bc4 d6 5.Nf3 Nf6 6.Bb3 O-O 7.O-O Qa5 8.Bf4 Na6
9.Re1 Bg4 10.h3 Bxf3 11.Qxf3 Nc7 12.Rad1 Ne6 13.Bh2 Qh5 14.Qd3 Nd7 15.Ne2 Nc7
16.f4 Rad8 17.f5 Kh8 18.Rf1 c5 19.c3 b5 20.Bc2 c4 21.Qd2 Bh6 22.Bf4 Bxf4
23.Nxf4 Qh4 24.Ne2 Kg8 25.Rf3 e6 26.Rdf1 exf5 27.exf5 Nd5 28.Nf4 Nxf4 29.Rxf4 Qh5
30.f6 Rfe8 31.Bd1 Qh6 32.Qf2 Re6 33.Bg4 Nb6 34.Bxe6 fxe6 35.Rh4 Qg5 36.Rg4 Qh5
37.f7+  1-0

[Event "FRA-chT"]
[Site "?"]
[Date "1989.??.??"]
[Round "?"]
[White "Kirsch, B."]
[Black "Donnenfeld, P."]
[Result "1-0"]
[WhiteElo "2205"]
[BlackElo "2140"]

1.e4 g6 2.d4 Bg7 3.Nc3 c6 4.Nf3 d6 5.Be3 Nf6 6.h3 O-O 7.Be2 Nbd7 8.O-O e5
9.Qd3 exd4 10.Bxd4 Nc5 11.Qe3 Re8 12.Bxc5 dxc5 13.Qxc5 Nxe4 14.Nxe4 Rxe4
15.Rad1 Qf8 16.Qxf8+ Kxf8 17.Rd8+ Ke7 18.Rg8 Rxe2 19.Rxg7 Be6 20.Nd4 Rd2
21.Nxe6 Kxe6 22.Re1+ Kf6 23.Rxh7 g5 24.Rh6+ Kg7 25.Rh5 Kg6 26.g4 Rxc2 27.Re5 f6
28.Re7 Rxb2 29.Reh7  1-0

[Event "FRA-chT"]
[Site "?"]
[Date "1989.??.??"]
[Round "?"]
[White "Kosten, Anthony C"]
[Black "Brault, Jean"]
[Result "1-0"]
[WhiteElo "2505"]
[BlackElo "2190"]

1.e4 g6 2.d4 Bg7 3.Nc3 c6 4.Bc4 d5 5.exd5 b5 6.Bb3 b4 7.Nce2 cxd5 8.Nf3 Nf6
9.O-O O-O 10.a3 Qb6 11.axb4 Qxb4 12.Nf4 Qd6 13.Ne5 Nbd7 14.Re1 Nb6 15.Ra5 Bb7
16.Nfd3 Nc4 17.Bxc4 dxc4 18.Nc5 Bd5 19.Qe2 Rfc8 20.c3 Qb6 21.Ra4 a5 22.Nxc4 Qb5
23.b3 e6 24.Qa2 Bf8 25.Bg5 Bxc5 26.Bxf6 Bf8 27.Be5 Ra6 28.Ra1 Be7 29.Rc1 f6
30.Bg3 Kg7 31.Nd2 Bb4 32.Nb1 Be4 33.Qd2 Bxb1 34.cxb4 Qxb4 35.Rxb4  1-0

[Event "Frunze"]
[Site "Frunze"]
[Date "1989.??.??"]
[Round "?"]
[White "Diaz, Joaquin C"]
[Black "Kanstler, Boris"]
[Result "1/2-1/2"]
[WhiteElo "2415"]
[BlackElo "2425"]

1.e4 g6 2.d4 Bg7 3.Nc3 c6 4.Nf3 d5 5.h3 Nf6 6.e5 Ne4 7.Bd3 Nxc3 8.bxc3 c5
9.O-O Nc6 10.Re1 O-O 11.Bd2 Bd7 12.dxc5 Qc7 13.Qe2 Nd8 14.c4 dxc4 15.Bxc4 Qxc5
16.Rab1 Rc8 17.Bb3 Kh8 18.Ng5 h6 19.Nf3 Bc6 20.Be3 Bxf3 21.Qxf3 Qxe5 22.Bxh6 Qc7
23.Qe3 Nc6 24.Qg5 e6 25.Re4 Qd8 26.Qe3 Rc7 27.Re1 Qf6 28.Qg3 Rd7 29.Bg5 Qc3
30.Qh4+ Kg8 31.R4e3 Qd4 32.Qg3 Qc5 33.c3 Ne7 34.Bxe7 Rxe7 35.Rd3 Qc7 36.Qe3 b6
37.Red1 Be5 38.h4 Bg7 39.Qh3 Qc5 40.Qf3 Rc8 41.g4 Rf8 42.h5 Qg5 43.hxg6 Qxg6
44.Qg3 Ree8 45.f4 Rc8 46.Rf1 Qe4 47.Re3 Rxc3 48.Rxc3 Bd4+ 49.Kh2 Qe2+ 50.Qg2 Qxg2+
51.Kxg2 Bxc3 52.f5 exf5 53.Rxf5 Kg7  1/2-1/2

[Event "Frunze op"]
[Site "Frunze"]
[Date "1989.??.??"]
[Round "?"]
[White "Shirov, Alexei"]
[Black "Kanstler, Boris"]
[Result "1/2-1/2"]
[WhiteElo "2495"]
[BlackElo "2425"]

1.d4 g6 2.e4 Bg7 3.Nc3 c6 4.f4 d5 5.e5 Nh6 6.Nf3 f6 7.Be2 O-O 8.O-O Bg4 9.Be3 Bxf3
10.Bxf3 fxe5 11.dxe5 e6 12.Ne2 Nd7 13.c4 dxc4 14.Qc2 Nb6 15.Rfd1 Nd5 16.Qxc4 g5
17.fxg5 Nf7 18.Qg4 Qe7 19.Bxd5 exd5 20.e6 Ne5 21.Qh3 Rae8 22.Bxa7 Qxe6 23.Qxe6+ Rxe6
24.Bc5 Rf7 25.Ng3 Rg6 26.h4 h6 27.Be3 hxg5 28.Bxg5 Bf6 29.Bxf6 Rfxf6 30.Re1 Nf3+
31.gxf3 Rxg3+ 32.Kh2 Rgxf3 33.Re8+ Kf7  1/2-1/2

[Event "Frunze"]
[Site "Frunze"]
[Date "1989.??.??"]
[Round "?"]
[White "Diaz, Joaquin C"]
[Black "Zilberman, Nathan R"]
[Result "1-0"]
[WhiteElo "2415"]
[BlackElo "2445"]

1.e4 g6 2.d4 Bg7 3.Nc3 c6 4.f4 d5 5.e5 Nh6 6.Nf3 f6 7.Bd3 Bg4 8.h3 Bxf3 9.Qxf3 O-O
10.exf6 exf6 11.f5 Qe7+ 12.Ne2 Nxf5 13.Bxf5 gxf5 14.O-O Qe4 15.Ng3 Qxf3 16.Rxf3 Re8
17.Nxf5 Bf8 18.Nh6+ Bxh6 19.Bxh6 Kf7 20.Rg3 Rg8 21.Rb3 b6 22.Rc3 Rc8 23.Re1 Nd7
24.Bf4 c5 25.Bd6 Re8 26.Rxe8 Rxe8 27.dxc5 d4 28.Rc4 bxc5 29.Bxc5 Rc8 30.b4 Nxc5
31.bxc5 Ke6 32.Rxd4 Rxc5 33.c4 Ra5 34.Re4+ Kd6 35.Rf4 Ke6 36.Rf2 Rc5 37.Rc2 Ke5
38.Kh2 a5 39.Rb2 Kd4 40.Rb7 h5 41.Rb5 Kxc4 42.Rxc5+ Kxc5 43.Kg3 Kb4 44.Kh4 Ka3
45.Kxh5 Kxa2 46.Kg6 Kb3 47.h4 a4 48.h5 a3 49.h6 a2 50.h7 a1=Q 51.h8=Q Qb1+
52.Kf7 Qf1 53.Qb8+ Kc4 54.Qc7+ Kd3 55.Qd6+ Ke3 56.Qb6+ Kd2 57.Qd4+ Kc2 58.Qe4+ Kb2
59.g4 Ka1 60.Qd4+ Kb1 61.Qxf6 Qc4+ 62.Qe6 Qc7+ 63.Kg6 Kc1 64.Qe1+ Kb2 65.Qf2+ Kc1
66.g5 Qd6+ 67.Kh5 Qe5 68.Kg4 Qe6+ 69.Kg3 Kb1 70.Qf1+ Ka2 71.Qf6 Qe3+ 72.Kg2 Qe4+
73.Kf2 Qh4+ 74.Kf3 Qh1+ 75.Kf4 Qc1+ 76.Ke5 Qc5+ 77.Ke6 Qc4+ 78.Ke7 Qc7+ 79.Kf8 Qc5+
80.Kg8 Kb1 81.g6 Qc8+ 82.Qf8 Qc4+ 83.Kh7 Qh4+ 84.Qh6 Qe4 85.Qh2 Ka1 86.Qg1+ Kb2
87.Qf2+ Ka1 88.Qa7+ Kb2 89.Qb6+ Ka2 90.Qd6 Kb1 91.Kg8 Qe8+ 92.Kg7 Qe4 93.Kf6 Qf3+
94.Ke5 Qc3+ 95.Kd5 Ka2 96.Qa6+ Kb2 97.Qb5+ Ka1 98.Qa4+ Kb1 99.Qe4+  1-0

[Event "Frunze"]
[Site "Frunze"]
[Date "1989.??.??"]
[Round "?"]
[White "Teske, Henrik"]
[Black "Yurtaev, Leonid"]
[Result "0-1"]
[WhiteElo "2390"]
[BlackElo "2505"]

1.e4 g6 2.d4 Bg7 3.Nc3 c6 4.Nf3 d5 5.exd5 cxd5 6.Bf4 Nf6 7.h3 O-O 8.Bd3 Nc6
9.O-O Qb6 10.Na4 Qa5 11.c3 Ne4 12.b4 Qd8 13.Qb3 Bf5 14.Rfd1 Rc8 15.Rac1 e6
16.Be3 Nd6 17.Bf1 b6 18.Nb2 h6 19.c4 Be4 20.Ne5 dxc4 21.Nbxc4 Bd5 22.Qb2 Nf5
23.b5 Nxe5 24.dxe5 Qh4 25.Bd4 Rfd8 26.Ne3 Rxc1 27.Nxf5 Rxd1 28.Nxh4 Bc4 29.Be3 Rxf1+
30.Kh2 Rdd1 31.Nf3 Bd5 32.Kg3 Rb1 33.Qc3 Bxf3 34.gxf3 Rg1+ 35.Kh2 Rh1+ 36.Kg3 Rbg1+
37.Kf4 Rg5 38.Qc8+ Kh7 39.Qd7 Rxh3 40.Bd4 Bxe5+  0-1

[Event "Peer Gynt"]
[Site "Gausdal"]
[Date "1989.??.??"]
[Round "?"]
[White "Sorensen, Jan"]
[Black "Maus, Soenke"]
[Result "0-1"]
[WhiteElo "2335"]
[BlackElo "2395"]

1.e4 g6 2.d4 Bg7 3.Nc3 c6 4.Bc4 b5 5.Bb3 b4 6.Nce2 d5 7.exd5 cxd5 8.Bd2 Na6
9.a3 bxa3 10.Rxa3 Nf6 11.Qa1 Nc7 12.Rxa7 Rxa7 13.Qxa7 O-O 14.Nf3 Bg4 15.Ne5 Qd6
16.f3 Ra8 17.Qc5 Ra1+ 18.Nc1 Qxc5 19.dxc5 Bc8 20.Nd3 Nd7 21.Kf2 Bb7 22.Re1 e5
23.c3 e4 24.c6 Bxc6 25.Nb4 Bb7 26.fxe4 dxe4 27.Ba2 Nc5 28.Kg1 N7e6 29.Nc2 Rxa2
30.Nxa2 Nd3 31.Rb1 f5 32.Nab4 Ne5 33.Nd4 Nxd4 34.cxd4 Nc4 35.Bc3 e3 36.d5 Bf8
37.b3 Nd2 38.Rd1 e2 39.Re1 Ne4 40.Na2 Bc5+ 41.Kh1 Nf2+ 42.Kg1 Nh3+ 43.Kh1 f4
44.Bb4 Bxd5 45.Bxc5 f3 46.Rxe2 fxe2 47.Bb4 Nf2+ 48.Kg1 Nd3 49.Bd2 Bxb3  0-1

[Event "BL2-W8889"]
[Site "Germany"]
[Date "1989.??.??"]
[Round "?"]
[White "Blasek, Ralph"]
[Black "Dresen, Ulrich"]
[Result "1/2-1/2"]
[WhiteElo "2300"]
[BlackElo "2280"]

1.e4 g6 2.d4 Bg7 3.Nc3 c6 4.Be2 d5 5.Be3 Nf6 6.e5 Ng8 7.Nf3 a5 8.Qd2 Na6
9.O-O Bg4 10.a3 e6 11.b4 Bxf3 12.gxf3 Nb8 13.bxa5 Qxa5 14.Rfb1 b6 15.Ra2 Nd7
16.Rb4 Qa7 17.Ra4 Qb8 18.Rxa8 Qxa8 19.a4 Ne7 20.a5 b5 21.Nd1 O-O 22.Bd3 Rb8
23.Bg5 Nf5 24.Bxf5 exf5 25.Be7 Rb7 26.Bd6 Ra7 27.Qb4 Qd8 28.Be7 Bf8 29.Bxd8 Bxb4
30.c3 Bf8 31.Nb2 Nb8 32.Nd3 Na6 33.Kf1 Ra8 34.Bb6 Re8 35.f4 Be7 36.Ke2 Kg7
37.Ra1 Rc8 38.Ke3 Kf8 39.Rb1 Ke8 40.Ne1 Kd7 41.Nf3 Re8 42.Ne1 Kc8 43.Nd3 Kb7
44.Kd2  1/2-1/2

[Event "BL2-W8889"]
[Site "Germany"]
[Date "1989.??.??"]
[Round "?"]
[White "Schlehoefer, Ralf"]
[Black "Serrer, Christoph"]
[Result "1-0"]
[WhiteElo "2310"]
[BlackElo "2265"]

1.e4 g6 2.d4 Bg7 3.Nc3 c6 4.Bc4 d6 5.Bb3 Nf6 6.Bg5 h6 7.Bf4 Nbd7 8.f3 e5
9.Be3 Qe7 10.Nge2 a5 11.Qd2 exd4 12.Nxd4 Nc5 13.a4 Nfd7 14.O-O-O Nxb3+ 15.Nxb3 Ne5
16.Bd4 g5 17.Ne2 Be6 18.Ng3 b6 19.Nh5 Rg8 20.Nxg7+ Rxg7 21.Bxb6 Rb8 22.Bd4 Nc4
23.Qe1 f6 24.Nxa5 Nxa5 25.Qxa5 Kf7 26.h4 Qb7 27.hxg5 hxg5 28.Qc3 Qe7 29.Rh6 Rg6
30.Rh7+ Rg7 31.Rdh1 Rg8 32.Qxc6 Rc8 33.Qb5 d5 34.R1h6 Qc7 35.Rxf6+ Kg8 36.Rxg7+ Qxg7
37.Qa6  1-0

[Event "BL2-SW8889"]
[Site "Germany"]
[Date "1989.??.??"]
[Round "?"]
[White "Buchal, Stephan"]
[Black "Osieka, Udo"]
[Result "1/2-1/2"]
[WhiteElo "2320"]
[BlackElo "2235"]

1.e4 g6 2.d4 Bg7 3.Nc3 c6 4.Bc4 b5 5.Bb3 d6 6.Nf3 a5 7.a4 b4 8.Ne2 Nf6 9.e5 Nd5
10.Nf4 Nxf4 11.Bxf4 O-O 12.O-O Bg4 13.h3 Bxf3 14.Qxf3 d5 15.Qe3 e6 16.Rac1 Qb6
17.Rb1 Na6 18.c4 dxc4 19.Bxc4 Nc7 20.Bg5 Nd5 21.Bxd5 cxd5 22.Be7 Rfc8 23.Bc5 Qc6
24.b3 Bf8 25.Rbc1 Qd7 26.Bxf8 Kxf8 27.Rxc8+ Rxc8 28.Rc1  1/2-1/2

[Event "Gothenburg"]
[Site "Gothenburg"]
[Date "1989.??.??"]
[Round "4"]
[White "Ziegler, Ari"]
[Black "Kristiansen, Jens"]
[Result "0-1"]
[WhiteElo "2315"]
[BlackElo "2405"]

1.e4 g6 2.d4 Bg7 3.Nc3 c6 4.Bc4 d5 5.Qf3 e6 6.Nge2 Nd7 7.a4 Ne7 8.h4 h6 9.Be3 b6
10.Nf4 O-O 11.g4 e5 12.Nce2 exf4 13.Nxf4 c5 14.c3 cxd4 15.cxd4 Bb7 16.Bd3 Nc6
17.g5 h5 18.Nxh5 gxh5 19.Qxh5 Nb4 20.Bb1 Rc8 21.Kd2 Ne5 22.dxe5 dxe4+ 23.Ke2 Nc2
24.Ba2 Nxe3 25.Rhd1 Rc2+ 26.Kxe3 Qc8 27.Rf1 Rxb2 28.Rfc1 Qh3+ 29.f3 Qh2  0-1

[Event "Groningen op"]
[Site "Groningen"]
[Date "1989.??.??"]
[Round "7"]
[White "Nijboer, Friso"]
[Black "Hoi, Carsten"]
[Result "1/2-1/2"]
[WhiteElo "2445"]
[BlackElo "2460"]

1.e4 g6 2.d4 Bg7 3.Nc3 c6 4.f4 d5 5.e5 h5 6.Nf3 Nh6 7.Be3 Bg4 8.Be2 e6 9.Qd2 Nd7
10.g3 Qb6 11.Na4 Qc7 12.b3 Nf5 13.Bf2 O-O-O 14.h3 Bxf3 15.Bxf3 g5 16.O-O-O gxf4
17.gxf4 Kb8 18.Kb1 Bf8 19.Rhg1 c5 20.c4 Nb6 21.Nxc5 dxc4 22.Nxb7 Rd5 23.Bxd5 Nxd5
24.Nc5 Bxc5 25.dxc5 cxb3 26.axb3 Ka8 27.Kb2 Nfe7 28.Ra1 Nc6 29.Ra4 Qb7 30.Rg3 Rb8
31.Rd3 Qb5 32.Ra3 Qc4 33.Rd4 Qf1 34.Rxd5 exd5 35.f5 Rg8 36.Ra1 Qxh3 37.Qxd5 Qg2
38.Qxg2 Rxg2 39.Rf1 Nxe5 40.Kc3 Kb7 41.Bh4 Rh2 42.Bf6 Rh3+ 43.Kd4 Ng4 44.Be7 Re3  1/2-1/2

[Event "EU-chT"]
[Site "Haifa"]
[Date "1989.??.??"]
[Round "3"]
[White "Raaste, Eero J"]
[Black "Bern, Ivar"]
[Result "1/2-1/2"]
[WhiteElo "2375"]
[BlackElo "2355"]

1.e4 g6 2.d4 Bg7 3.Nc3 c6 4.Nf3 d6 5.a4 Nh6 6.Be2 f6 7.O-O e6 8.h3 Nf7 9.Be3 O-O
10.Qd2 Nd7 11.Nh2 f5 12.f4 fxe4 13.Nxe4 e5 14.dxe5 dxe5 15.f5 gxf5 16.Rxf5 Nb6
17.Qxd8 Rxd8 18.Rf2 Nd5 19.Bd2 Be6 20.Bg4 Bxg4 21.Nxg4 Nd6 22.Re1 Nxe4 23.Rxe4 Re8
24.Nh6+ Kh8 25.Nf7+ Kg8 26.Nh6+ Kh8 27.Rfe2 Re6 28.Nf5 Bf6 29.c4 Nb6 30.a5 Nd7
31.Bc3 b6 32.axb6 axb6 33.g4 Rae8 34.b4 Ra8 35.h4 Ra3 36.R4e3 Kg8 37.g5 Bh8
38.Nh6+ Kf8 39.Rf2+ Ke8 40.Kg2 e4 41.Bd4 Rxe3 42.Bxe3 Bc3 43.Nf5 Kd8 44.Bd2 e3
45.Bxe3 Bxb4 46.Ra2 Ba5 47.Kg3 c5 48.Bf4 Re1 49.h5 Nf8 50.Kf3 Ne6 51.Be3 Rh1
52.Kg4 Kd7 53.Rg2 Bc3 54.Bg1 Bd4 55.Nxd4 cxd4 56.Bxd4 Nxd4 57.Rd2 Rg1+ 58.Kf4 Ke6
59.Rxd4 Rf1+ 60.Ke3 Re1+ 61.Kf3 Rh1 62.h6 Kf5 63.Rd5+ Kg6 64.Ke3 Rb1 65.Kd3 Rd1+
66.Kc3 Rb1 67.Re5 Kh5 68.Re7 Kxg5 69.Rxh7 Kg6 70.Rh8 Rc1+ 71.Kb3 Rb1+ 72.Kc2 Rb4
73.Kc3 Rb1 74.h7 Kg7 75.Rg8+ Kxh7 76.Rg5 Kh6 77.Rb5 Rc1+ 78.Kd4 Kg7 79.Rxb6 Kf7
80.Rd6 Ke7 81.Rd5 Rd1+ 82.Kc5 Rxd5+ 83.Kxd5 Kd7 84.Kc5  1/2-1/2

[Event "HUN-ch"]
[Site "?"]
[Date "1989.??.??"]
[Round "?"]
[White "Szalanczy, Emil"]
[Black "Horvath, Csaba"]
[Result "1-0"]
[WhiteElo "2400"]
[BlackElo "2445"]

1.e4 g6 2.d4 Bg7 3.Nc3 c6 4.Nf3 d6 5.h3 Nf6 6.Be3 O-O 7.Qd2 Nbd7 8.Bh6 e5
9.O-O-O Qe7 10.Bd3 Re8 11.Rhe1 b5 12.Kb1 Bb7 13.Ne2 a6 14.Ng3 Bxh6 15.Qxh6 Qf8
16.Qg5 Qg7 17.c3 a5 18.Bc2 h6 19.Qc1 Nb6 20.Nh4 Bc8 21.dxe5 dxe5 22.Rd6 Bd7
23.Red1 Re7 24.b3 Ne8 25.R6d3 Qf8 26.f4 exf4 27.Qxf4 a4 28.Qf2 Ra6 29.Rf1 Re6
30.Rf3 f6 31.b4 g5 32.Ng6 Qf7 33.e5 Nd5 34.Qd4 Nec7 35.Nf5 c5 36.bxc5 Qh7
37.Nd6  1-0